High School Musical Characters by First Names - Statistics

General Stats
  • This quiz has been taken 189 times
  • The average score is 8 of 18
Answer Stats
Hint Answer % Correct
Troy Bolton
98%
Sharpay Evans
95%
Ryan Evans
92%
Gabriella Montez
89%
Chad Danforth
72%
Taylor McKessie
65%
Jack Bolton
44%
Martha Cox
44%
Jason Cross
34%
Zeke Baylor
31%
Kelsi Nielsen
27%
Ricky Bowen
21%
Thomas Fulton
20%
E.J. Caswell
15%
Ashlyn Caswell
14%
Mike Bowen
12%
Benjamin Mazzara
11%
Seb Matthew-Smith
9%
No matching quizzes found
Score Distribution
Percent of People with Each Score
Percentile by Number Answered
Your Score History
You have not taken this quiz